Costa Rica: territorio de la paz. Síntesis del pensamiento del Dr. Oscar Arias Sánchez Presidente de la República de Costa Rica

সংরক্ষণ করুন:
গ্রন্থ-পঞ্জীর বিবরন
প্রধান লেখক: Arias Sánchez, Oscar
বিন্যাস: পাঠ‍্য
প্রকাশিত: San José: Imprenta Nacional
ট্যাগগুলো: ট্যাগ যুক্ত করুন
কোনো ট্যাগ নেই, প্রথমজন হিসাবে ট্যাগ করুন!

MARC

LEADER 00000 a a2200000 04500
001 22865
003
040
090 |a 156800  
100 |a Arias Sánchez, Oscar  
245 |a Costa Rica: territorio de la paz. Síntesis del pensamiento del Dr. Oscar Arias Sánchez Presidente de la República de Costa Rica  
260 |a San José:   |b Imprenta Nacional  
300 |a 35 p.  
999 |c 5757  |d 5757